Episódios embaraçosos da história brasileira. - Statistics

Estatísticas Gerais
  • Esse quiz foi jogado 417 vezes
  • A pontuação média é 15 de 28
Estatísticas das Respostas
Hint Resposta % Correto
Durante a colonização do país houve um genocídio dessa população índigena
93%
O Brasil foi o último país do ocidente a proibir essa forma de trabalho escravo
89%
País que derrotou o Brasil (país sede) por 7x1 na semifinal da copa do mundo de futebol de 2014 Alemanha
84%
Ditador que governou o país por mais de 15 anos. Getúlio Vargas
83%
País completamente arrasado pelo Brasil numa guerra. Paraguai
79%
O Brasil é internacionalmente criticado pela desmatamento dessa floresta. Amazônia
73%
Forma da morte do líder citado, ainda durante o seu mandato. suícidio
71%
País que derrotou o Brasil (país sede) por 2x1 na final da copa do mundo de futebol de 1950 Uruguai
66%
Munícipio atingido pelo rompimento de barragem de rejeitos de extração mineral Brumadinho
64%
Controversa operação judicial contra corrupção. Lava Jato
64%
"Desta terra não quero nem o ___!". Frase supostamente dita pela rainha Carlota Joaquina ao deixar o Brasil.
64%
Ato institucional número _____. Decreto que marca o pior período da ditadura militar. 5
63%
Objeto símbolo da copa do mundo de futebol, roubado em 1983 taça Jules Rimet
63%
Bandeira oficial do Brasil durante o início do período da república foi claramente derivada da bandeira desse país Estados Unidos
62%
Munícipio atingido pelo rompimento de barragem de rejeitos de extração mineral Mariana
60%
Material utilizado em aparelho de radioterapias encontrado por populares, resultando no maior acidente radioativo do mundo fora de uma usina nuclear. césio-137
56%
Dom Pedro I declarou a independência do país enquanto voltava da visita à sua _______. amante
55%
Durante a primeira guerra mundial a marinha brasileira pensando ter encontrado um submarino alemão, atacou e dizimou um bando de ________. toninhas
45%
Guerra civil contra camponeses revoltos liderados por líderes religiosos. Canudos
44%
Usina hidrelétrica que inundou Sete Quedas, as maiores cachoeiras do mundo em volume de água. Itaipú
43%
Cidade em que ocorreu o incêndio da boate Kiss, que resultou na morte de 242 pessoas. Santa Maria
42%
Povo nativo convertido e organizado por jesuítas que foi perseguido na guerra dos Sete Povos. Guarani
28%
Movimento nacional de caráter fascista liderado por Plínio Salgado. integralismo
23%
"Brasil não é um país ______". Frase supostamente dita pelo presidente francês Charles de Gaulle. sério
17%
Médico nazista conhecido como "Anjo da Morte" radicado no Brasil. Josef Mengele
14%
Guerra civil contra camponeses revoltos liderados por líderes religiosos. Contestado
13%
Militante terrorista italiano radicado por muitos anos no Brasil. Cesare Battisti
10%
Possível causa da morte da imperatriz Maria Leopoldina: _______ de dom Pedro I. chute
10%
Nenhum quiz correspondente encontrado
Distribuição das Pontuações
Porcentagem de Pessoas com Cada Pontuação
Percentil de Números Respondidos
Sua Pontuação Histórica
Você não jogou esse quiz